| 000 | 00507 a2200157 4500 | ||
|---|---|---|---|
| 020 | _a0471987719 (Pr : alk. paper) | ||
| 020 | _a0471983241 (Ppc : alk. paper) | ||
| 082 | _a624.171 MEL | ||
| 100 | _aMelchers, R. E. | ||
| 245 |
_aStructural reliability analysis and prediction / _cRobert E. Melchers. |
||
| 250 | _a2nd ed. | ||
| 260 |
_aChichester ; _aNew York : _bJohn Wiley, _c1999. |
||
| 300 |
_axviii, 437 p. : _bill. ; _c26 cm. |
||
| 650 | _aStructural stability. | ||
| 650 | _aReliability (Engineering) | ||
| 650 | _aProbabilities. | ||
| 999 |
_c1243 _d1243 |
||